Supergroups Quiz - Statistics

General Stats
  • This quiz has been taken 19 times
  • The average score is 3 of 15
Answer Stats
Hint Answer Members % Correct
My Hero: the Nirvana drummer Foo Fighters Dave Grohl, Pat Smear, Taylor Hawkins, Nate Mendel, Chris Shiflett
95%
CSNY, formerly CSN Crosby, Stills, Nash and Young David Crosby, Stephen Stills, Graham Nash, Neil Young
42%
Country legends quartet The Highwaymen Johnny Cash, Waylon Jennings, Willie Nelson, Kris Kristofferson
26%
Guns N' Roses... without the Roses Velvet Revolver Scott Weiland, Slash, Duff McKagan, Matt Sorum, Dave Kushner
26%
Business led by Led Zeppelin legend The Firm Jimmy Page, Paul Rodgers, Chris Slade, Tony Franklin
21%
Nelson; Otis; Lefty; Charlie T. Jr. and Lucky Traveling Wilburys George Harrison, Jeff Lynne, Roy Orbison, Tom Petty, Bob Dylan
21%
1970s progressive rock trio Emerson, Lake and Palmer Keith Emerson, Greg Lake, Carl Palmer
16%
The voice of grunge with The Nightwatchman Audioslave Chris Cornell, Tom Morello, Tom Commerford, Brad Wilk
11%
Short-lived successor to Cream Blind Faith Eric Clapton, Ginger Baker, Steve Winwood, Ric Grech
5%
Three 1990s punks and three rappers combine Prophets of Rage Tim Commerford, Tom Morello, Brad Wilk, B-Real, DJ Lord, Chuck D
5%
Made an often criticised charity single for the Ethiopian Famine Rock Aid Ensemble
5%
Massive cover of 'Smoke on the Water' for charity Rock Aid Armenia Ensemble
5%
21st century British indie rockers combine with American duo FFS Russell Mael, Alex Kapranos, Nick McCarthy, Ron Mael, Bob Hardy, Paul Thomson
0%
A heavy metal singer, a hard rock legend and a trio of colluders Slash featuring Miles Kennedy and the Conspirators Slash, Miles Kennedy, Todd Kerns, Brent Fitz, Frank Sidoris
0%
Ex-Yes-Zeppelin, unfortunately never released any music XYZ Jimmy Page, Chris Squire, Dave Lawson, Alan White
0%
No matching quizzes found
Score Distribution
Percent of People with Each Score
Percentile by Number Answered
Your Score History
You have not taken this quiz